[Event "1st Breizh Masters"]
[Site "Guingamp FRA"]
[Date "2003.03.02"]
[Round "3"]
[White "Tripoteau,N"]
[Black "Berthelot,Y"]
[Result "1-0"]
[WhiteElo "2262"]
[BlackElo "2311"]

1.e4 c5 2.Nf3 Nc6 3.Bb5 e6 4.O-O Nge7 5.c3 a6 6.Ba4 b5 7.Bc2 Bb7 8.d3 Ng6
9.Re1 Rc8 10.Nbd2 Be7 11.Nf1 O-O 12.a4 b4 13.e5 Qc7 14.Qe2 f6 15.exf6 Bxf6
16.Ng5 Nce7 17.Qh5 h6 18.Ne4 Bxe4 19.Rxe4 bxc3 20.bxc3 Bxc3 21.Rb1 Bd4 22.Ne3 Nf4
23.Qg4 h5 24.Qg5 d5 25.Nf5 Rxf5  1-0

[Event "X Anibal Open"]
[Site "Linares ESP"]
[Date "2003.03.02"]
[Round "3"]
[White "Socko,B"]
[Black "Ivanov,J"]
[Result "1-0"]
[WhiteElo "2577"]
[BlackElo "2446"]

1.e4 c5 2.Nf3 Nc6 3.Bb5 g6 4.Bxc6 dxc6 5.h3 Bg7 6.d3 Nh6 7.Nc3 f6 8.Be3 b6
9.Nh2 e5 10.O-O O-O 11.Qd2 Nf7 12.f4 exf4 13.Bxf4 f5 14.exf5 Bxf5 15.Rae1 Qd7
16.Nf3 Rae8 17.Kh2 Rxe1 18.Rxe1 Re8 19.b3 Rxe1 20.Qxe1 Qe6 21.Qxe6 Bxe6 22.Ne4 c4
23.bxc4 b5 24.Nc5 Bc8 25.cxb5 cxb5 26.Bc7 Bf8 27.Nb3 g5 28.Kg3 Kg7 29.Nfd2 Bd6+
30.Bxd6 Nxd6 31.Ne4 Nxe4+ 32.dxe4 b4 33.Nc5 Kf6 34.Kf3 a5 35.Ke3 Ke5 36.Nb3 Bb7
37.Nxa5 Bxe4 38.Nc4+ Kd5 39.Nb6+  1-0

[Event "Spring Festival WGM"]
[Site "Bucharest ROM"]
[Date "2003.03.03"]
[Round "1"]
[White "Moshina,C"]
[Black "Partac,E"]
[Result "1/2-1/2"]
[WhiteElo "2193"]
[BlackElo "2198"]

1.e4 c5 2.Nf3 Nc6 3.Bb5 g6 4.O-O Bg7 5.Re1 Nf6 6.c3 O-O 7.d4 cxd4 8.cxd4 d5
9.e5 Ne4 10.Bxc6 bxc6 11.Nbd2 Nxd2 12.Bxd2 Qb6 13.b4 Bg4 14.Bc3 f6 15.e6 f5
16.a4 a6 17.Qd3 Bxf3 18.gxf3 Qc7 19.Bd2 Qb6 20.Bc3 Qc7 21.Rac1 Qd6 22.Rc2 g5
23.Bd2 Rf6 24.Qc3 Rh6 25.f4 Rc8 26.Qc5 Rxe6 27.Qxd6 Rxd6 28.fxg5 Kf7 29.Bf4 Re6
30.Rxe6 Kxe6 31.b5 axb5 32.axb5 Bxd4 33.bxc6 Kf7 34.Bd2 Bb6 35.h4 e5 36.h5 f4
37.Kg2 Ke6 38.Rc1 Kf5 39.g6 hxg6 40.h6 g5 41.Bb4 Kg6 42.Rd1 Bd4 43.Rh1 Kh7
44.Rc1 Kxh6 45.c7 Kg7 46.Rc6 Kf7 47.Rh6 Kg7 48.Rc6 Kf7 49.Rh6 Kg7 50.Rc6  1/2-1/2

[Event "ch-Serbia"]
[Site "Dimitrovgrad YUG"]
[Date "2003.03.03"]
[Round "4"]
[White "Nestorovic,N"]
[Black "Milanovic,Da"]
[Result "0-1"]
[WhiteElo "2152"]
[BlackElo "2429"]

1.e4 c5 2.Nf3 Nc6 3.Bb5 e6 4.Bxc6 bxc6 5.d3 Qc7 6.Nc3 e5 7.O-O Be7 8.h3 Nf6
9.Nh2 O-O 10.f4 d5 11.Qf3 exf4 12.Bxf4 Qd8 13.Rae1 Be6 14.Kh1 Qd7 15.Rf2 Qb7
16.b3 dxe4 17.Nxe4 Nxe4 18.dxe4 c4 19.Qg3 Kh8 20.Nf3 Qa6 21.Nd4 c5 22.Nf5 Bxf5
23.exf5 Bf6 24.Be5 cxb3 25.axb3 Rac8 26.c4 Qb6 27.Qc3 Bxe5 28.Rxe5 Rc6 29.Qe3 Kg8
30.Re2 h6 31.Rd2 Rc7 32.Red5 Kh7 33.Qd3 Qf6 34.Rd6 Qa1+ 35.Rd1 Qe5 36.Rd5 Qf6
37.Qg3 Rc6 38.Qe3 Rc7 39.Rxc5 Re7 40.Qf3 Rfe8 41.Rcd5 Re3 42.Qf4 R8e4 43.Qd6 Qh4
44.R5d3 Re1+ 45.Rxe1 Rxe1+ 46.Kh2 Qf2 47.Qd4 Qf1 48.Rd2 Rb1 49.Rb2 Qh1+ 50.Kg3 Qe1+
51.Kh2 Rd1 52.Qf4 Qg1+  0-1

[Event "69th ch-BLR"]
[Site "Minsk BLR"]
[Date "2003.03.03"]
[Round "4"]
[White "Kasparov,S"]
[Black "Smirnov,Va"]
[Result "1/2-1/2"]
[WhiteElo "2435"]
[BlackElo "2400"]

1.e4 c5 2.Nf3 Nc6 3.Bb5 e5 4.O-O Nge7 5.c3 a6 6.Bc4 b5 7.Bb3 d6 8.d4 c4 9.Bc2 Bg4
10.Be3 exd4 11.cxd4 Nb4 12.Nbd2 d5 13.Bb1 h6 14.Qe1 dxe4 15.Bxe4 Nbd5 16.a4 Be6
17.axb5 axb5 18.Rxa8 Qxa8 19.Qa1 Qb8 20.Re1 g6 21.Nb1 Bg7 22.Nc3 O-O 23.Qa6 Nxe3
24.fxe3 b4 25.Na4 Rc8 26.Nc5 Rxc5 27.dxc5 Bxb2 28.Nd4 Qe5 29.Qa8+ Kg7 30.Nxe6+ Qxe6
31.Bf3 Bd4 32.c6 c3 33.Kf2 Be5 34.Qb7 b3 35.c7 c2 36.Rc1 Qd6 37.Bd5 Bb2 38.c8=Q Qf6+
39.Ke2 Nxc8 40.Qxc8 Bxc1 41.Bxb3 Bxe3 42.Qxc2 Qe5 43.Qc4 Bf4+ 44.Kd1 Qf6  1/2-1/2

[Event "Edda Rapid"]
[Site "Reykjavic ISL"]
[Date "2003.03.03"]
[Round "2"]
[White "Adams,Mi"]
[Black "Cmilyte,V"]
[Result "1-0"]
[WhiteElo "2734"]
[BlackElo "2452"]

1.e4 c5 2.Nf3 Nc6 3.Bb5 g6 4.O-O Bg7 5.Re1 e5 6.Bxc6 dxc6 7.d3 Ne7 8.Nbd2 O-O
9.a3 h6 10.b4 cxb4 11.axb4 Be6 12.Bb2 Qc7 13.Ra3 g5 14.Qa1 Ng6 15.d4 Rad8
16.h3 a6 17.dxe5 Nxe5 18.Nxe5 Rxd2 19.Nd3 Bxb2 20.Qxb2 f5 21.Qc3 Rxd3 22.Qxd3 f4
23.e5 Qf7 24.Qd2 Qf5 25.Rd3 Kg7 26.f3 Rf7 27.Rd6 Re7 28.Qd3 Qf7 29.Qd4 Kh7
30.Qf2 Bd5 31.h4 Kg7 32.Qd4 Kh7 33.Rf6 Qg8 34.Qd3+  1-0

[Event "36th Ladies GM"]
[Site "Belgrade YUG"]
[Date "2003.03.05"]
[Round "1"]
[White "Prudnikova,S"]
[Black "Kalevic,S"]
[Result "1-0"]
[WhiteElo "2426"]
[BlackElo "2291"]

1.Nf3 c5 2.e4 Nc6 3.Bb5 g6 4.Bxc6 dxc6 5.d3 Bg7 6.h3 b6 7.Nc3 e5 8.Be3 Qe7
9.Qd2 h6 10.O-O Nf6 11.Nh2 Be6 12.a4 Rd8 13.f4 exf4 14.Bxf4 Nh5 15.Be3 Bd4
16.Rf2 Bxe3 17.Qxe3 Qg5 18.Qxg5 hxg5 19.b3 Ke7 20.Ne2 f6 21.Raf1 Rhf8 22.g4 Ng7
23.Nf3 Kd6 24.Nxg5 Ke7 25.Nh7 Rh8 26.Nxf6 Rxh3 27.Nf4 Rg3+ 28.Kh2 Re3 29.Nxg6+ Kd6
30.Kg2 Bc8 31.Rh1 Ne8 32.Nxe8+ Rxe8 33.Rf6+ Kc7 34.Kf2  1-0

[Event "ch-Serbia"]
[Site "Dimitrovgrad YUG"]
[Date "2003.03.05"]
[Round "6"]
[White "Radosavljevic,S"]
[Black "Pavlovic,SD"]
[Result "0-1"]
[WhiteElo "2290"]
[BlackElo "2379"]

1.e4 c5 2.Nf3 Nc6 3.Bb5 g6 4.O-O Bg7 5.Re1 Nf6 6.e5 Nd5 7.Nc3 Nc7 8.Bxc6 dxc6
9.h3 O-O 10.b3 Ne6 11.Bb2 Nd4 12.Ne4 b6 13.d3 h6 14.a4 a5 15.Ned2 Be6 16.Nc4 Ra7
17.Nxd4 cxd4 18.Qf3 b5 19.Nd2 Qb6 20.Qf4 Rd8 21.Nf3 c5 22.axb5 Qxb5 23.Bc1 Bd5
24.Ra4 Qb6 25.h4 Bc6 26.e6 f6 27.Ra3 a4 28.Nd2 axb3 29.Rxb3 Qc7 30.Qg4 Be8
31.h5 gxh5 32.Qf5 Qc6 33.Nc4 Qc8 34.Bf4 Rb7 35.Reb1 Rxb3 36.Rxb3 Qc6 37.Rb6 Qa4
38.Rb7 Bf8 39.Qxc5 Qxc2  0-1

[Event "ch-Serbia"]
[Site "Dimitrovgrad YUG"]
[Date "2003.03.05"]
[Round "6"]
[White "Perunovic,Mil"]
[Black "Milanovic,Da"]
[Result "1-0"]
[WhiteElo "2488"]
[BlackElo "2429"]

1.e4 c5 2.Nf3 Nc6 3.Bb5 e6 4.Bxc6 bxc6 5.d3 Ne7 6.Qe2 Qc7 7.O-O Ng6 8.e5 f6
9.exf6 gxf6 10.c4 Kf7 11.Nc3 h5 12.Be3 d5 13.cxd5 cxd5 14.d4 c4 15.b3 Ba6
16.a4 Qb6 17.Nb5 c3 18.Rfc1 Bb4 19.Ne1 Rab8 20.Nd3 Bxb5 21.axb5 Qxb5 22.Rxa7+ Rb7
23.Ne5+  1-0

[Event "Jch-RUS g20"]
[Site "Essentuki RUS"]
[Date "2003.03.05"]
[Round "4"]
[White "Ivkina,O"]
[Black "Bannikova,A"]
[Result "1/2-1/2"]
[WhiteElo "2249"]
[BlackElo "2146"]

1.e4 c5 2.Nf3 Nc6 3.Bb5 e6 4.O-O Nf6 5.Re1 Be7 6.c3 a6 7.Bxc6 bxc6 8.d4 cxd4
9.e5 Nd5 10.c4 Nc7 11.Qxd4 f5 12.Nc3 O-O 13.c5 a5 14.Na4 Nd5 15.Bd2 Ba6 16.Nb6 Bxc5
17.Qxc5 Qxb6 18.Qxb6 Nxb6 19.Bxa5 Nd5 20.b4 Rfc8 21.a4 Rcb8 22.Reb1 Bd3 23.Rd1 Be2
24.Rxd5 cxd5 25.Nd4 Bc4 26.f3 Kf7 27.Kf2 Rb7 28.Ke3 g5 29.g3 Ke7 30.h4 d6
31.exd6+ Kxd6 32.hxg5 Rg8 33.b5 Rxg5 34.Bb4+ Kd7 35.Rh1 e5 36.Rxh7+ Kc8 37.Rh8+ Kd7
38.Nc6 d4+ 39.Kf2 Bg8 40.Nxe5+ Ke8 41.f4 Rgg7 42.Bc5 Rbc7 43.Bxd4 Rc2+ 44.Kf3 Ra2
45.Nc4 Rg6 46.b6 Ke7 47.Bc5+ Kf6 48.Ne3 Ke6 49.Rh1 Bf7 50.Rd1 Be8 51.Rd6+ Kf7
52.Nxf5 Bc6+ 53.Ke3 Rxd6 54.Nxd6+ Ke6 55.g4 Kd5 56.Ne4 Kc4 57.Bf8 Rxa4 58.b7 Bxb7
59.Nd6+ Kd5 60.Nxb7 Ra8 61.Bh6 Rb8 62.Na5 Rb5 63.f5 Rxa5 64.Kf4 Ra7 65.Kg5  1/2-1/2

[Event "69th ch-BLR"]
[Site "Minsk BLR"]
[Date "2003.03.05"]
[Round "6"]
[White "Kasparov,S"]
[Black "Surma,D"]
[Result "1-0"]
[WhiteElo "2435"]
[BlackElo "2383"]

1.e4 c5 2.Nf3 Nc6 3.Bb5 g6 4.Bxc6 dxc6 5.d3 Bg7 6.h3 b6 7.Nc3 e5 8.Be3 Qc7
9.O-O Nf6 10.Qd2 O-O 11.Bh6 Nh5 12.Bxg7 Nxg7 13.b3 Ne6 14.Ne2 a5 15.Rae1 a4
16.Nh2 Nd4 17.f4 exf4 18.Nxd4 cxd4 19.Rxf4 axb3 20.axb3 c5 21.Ref1 b5 22.R4f2 Qe7
23.Nf3 Bb7 24.b4 f6 25.bxc5 Qxc5 26.Nh2 Ra6 27.Ng4 Qe7 28.Qf4 Bc8 29.e5 Bxg4
30.hxg4 f5 31.Qxd4 Rd8 32.Qb2 fxg4 33.Qxb5 Re6 34.Qc4 g3 35.Rf6 Re8 36.d4 Kg7
37.Qxe6 Qxe6 38.Rxe6 Rxe6 39.Rf3 Ra6 40.Rxg3 Ra2 41.Rc3 g5 42.Kf2 Kg6 43.g4  1-0

[Event "Edda Rapid"]
[Site "Reykjavic ISL"]
[Date "2003.03.05"]
[Round "8"]
[White "Ulfarsson,M"]
[Black "Thorhallsson,G"]
[Result "1-0"]
[WhiteElo "2371"]
[BlackElo "2202"]

1.e4 c5 2.Nf3 Nc6 3.Bb5 g6 4.Bxc6 bxc6 5.O-O Bg7 6.Re1 d5 7.Qe2 Bd7 8.Nc3 Nf6
9.d3 O-O 10.exd5 cxd5 11.Qxe7 Qb6 12.Nxd5 Nxd5 13.Qxd7 Rad8 14.Qg4 Rfe8 15.Bg5 Nf6
16.Qc4 Qxb2 17.Rab1 Rxe1+ 18.Rxe1 Qb4 19.Qf4 Qxf4 20.Bxf4 Nd5 21.Bd2 Bf6
22.Ne5 Kg7 23.g3 Rd6 24.Ng4 Bd4 25.Bh6+  1-0

[Event "Spring Festival WGM"]
[Site "Bucharest ROM"]
[Date "2003.03.06"]
[Round "4"]
[White "Ionescu Brandis,I"]
[Black "Smokina,K"]
[Result "1-0"]
[WhiteElo "2356"]
[BlackElo "2271"]

1.e4 c5 2.Nf3 Nc6 3.Bb5 g6 4.O-O Bg7 5.Re1 e5 6.Bxc6 dxc6 7.d3 Qe7 8.h3 Nf6
9.Be3 O-O 10.Nbd2 Ne8 11.a4 Nc7 12.Nc4 f6 13.a5 Be6 14.b3 h5 15.Qc1 Kh7 16.Qa3 Na6
17.c3 Rfd8 18.Rad1 Bf8 19.Nh2 Qc7 20.Rf1 g5 21.h4 g4 22.f4 g3 23.Nf3 Bh6
24.fxe5 Bxc4 25.Bxh6 Bxd3 26.Bf4 Bxf1 27.Rxf1 fxe5 28.Bxe5 Qd7 29.Qc1 Rf8
30.Rd1 Qg4 31.Rd6 Rxf3 32.Qh6+ Kg8 33.Rg6+ Kf7 34.Qg7+ Ke8 35.Rxg4 hxg4 36.gxf3  1-0

[Event "Jch-RUS b20"]
[Site "Essentuki RUS"]
[Date "2003.03.06"]
[Round "5"]
[White "Markarov,A"]
[Black "Savchenko,B"]
[Result "0-1"]
[WhiteElo "2319"]
[BlackElo "2431"]

1.e4 c5 2.Nf3 Nc6 3.Bb5 e6 4.Bxc6 bxc6 5.d3 g6 6.h4 Bg7 7.Nc3 d6 8.e5 dxe5
9.Qe2 f6 10.Be3 Bf8 11.g4 h6 12.Nd2 Ne7 13.Bxc5 Nd5 14.Bxf8 Nxc3 15.bxc3 Kxf8
16.Qe4 Qd5 17.c4 Qxe4+ 18.Nxe4 f5 19.Nd6 Ke7 20.c5 Ba6 21.Kd2 e4 22.Rhg1 Rag8
23.dxe4 fxe4 24.Rae1 Rf8 25.Rxe4 Rxf2+ 26.Kc1 Bf1 27.Rg3 Bg2 28.Ra4 Kf6 29.Rxa7 Rf8
30.Rh7 Bd5 31.Re3 Rg2 32.c4 Rg1+ 33.Kc2 Bh1 34.Re2 Bf3 35.Rf2 Ke5 36.Kd2 Kf4
37.h5 gxh5 38.gxh5 Kg3 39.Rxf3+ Rxf3 40.Rxh6 Rg2+ 41.Ke1 Re3+ 42.Kd1 Kh4
43.Rg6 Rxa2  0-1

[Event "X Anibal Open"]
[Site "Linares ESP"]
[Date "2003.03.06"]
[Round "7"]
[White "Saldano,H"]
[Black "Kotronias,V"]
[Result "1/2-1/2"]
[WhiteElo "2442"]
[BlackElo "2573"]

1.e4 c5 2.Nf3 Nc6 3.Bb5 g6 4.O-O Bg7 5.Re1 Nf6 6.e5 Nd5 7.Nc3 Nc7 8.Bxc6 dxc6
9.Ne4 Ne6 10.d3 h6 11.b3 b6 12.Bb2 a5 13.a3 O-O 14.Qd2 a4 15.b4 cxb4 16.axb4 c5
17.bxc5 bxc5 18.Qe3 Bb7 19.Ba3 Nd4 20.Rac1 Nxf3+ 21.gxf3 c4 22.dxc4 Qc7 23.Nc5 Qc6
24.Nxb7 Qxb7 25.Qe4 Qxe4 26.Rxe4 f5 27.exf6 Bxf6 28.Rb1 Rfd8 29.Bxe7 Bxe7
30.Rxe7 a3 31.Rbb7 Rd1+ 32.Kg2 a2 33.Rg7+ Kf8 34.Rbf7+ Ke8 35.Rb7 Kf8  1/2-1/2

[Event "X Anibal Open"]
[Site "Linares ESP"]
[Date "2003.03.07"]
[Round "8"]
[White "Cabrera,A"]
[Black "Peng Zhaoqin"]
[Result "1-0"]
[WhiteElo "2478"]
[BlackElo "2425"]

1.e4 c5 2.Nf3 Nc6 3.Bb5 e6 4.Bxc6 bxc6 5.d3 Ne7 6.Qe2 Ng6 7.e5 f6 8.Bd2 Be7
9.O-O O-O 10.Bc3 Qc7 11.Na3 Ba6 12.Nc4 Rae8 13.a3 Nf4 14.Qe4 Nd5 15.Ba5 Qb8
16.Bd2 fxe5 17.Nfxe5 Nf6 18.Qe2 Bxc4 19.Nxc4 d5 20.Qxe6+ Kh8 21.Ne3 Bd6 22.Qh3 Qxb2
23.Rab1 Qe5 24.Rb7 Re7 25.Rxe7 Bxe7 26.Nf5 Ng8 27.Nxe7 Qxe7 28.Qe3 Rb8 29.Qxe7 Nxe7
30.Bf4 Rb2 31.Bd6 Nc8 32.Bxc5 Rxc2 33.d4 Nb6 34.Re1 h6 35.h4 Nc4 36.Re6 a5
37.h5 Rc3 38.g4 Nd2 39.Re8+ Kh7 40.Bf8 Rf3 41.Bd6 Ne4 42.Be5 Nf6 43.Re7 Kg8
44.Kg2 Rxa3 45.f3 a4 46.Ra7 Ra1 47.Bd6 Nh7 48.f4 a3 49.Bxa3 Nf6 50.g5 hxg5
51.fxg5 Ng4  1-0

[Event "36th Ladies GM"]
[Site "Belgrade YUG"]
[Date "2003.03.08"]
[Round "4"]
[White "Savic,Ma"]
[Black "Blimke,D"]
[Result "0-1"]
[WhiteElo "2159"]
[BlackElo "2231"]

1.e4 c5 2.Nf3 Nc6 3.Bb5 e6 4.O-O Nge7 5.c3 a6 6.Ba4 b5 7.Bc2 d5 8.e5 Ng6
9.d4 cxd4 10.cxd4 Nb4 11.Bb3 Be7 12.Be3 O-O 13.Qd2 f6 14.exf6 Rxf6 15.Bg5 Rxf3
16.Bxe7 Qxe7 17.gxf3 Bd7 18.Qe3 Rf8 19.Nd2 Rf4 20.Rac1 Rh4 21.Rfe1 Nf4 22.Nf1 Nbd3
23.Rc7 Qg5+ 24.Ng3 Rxh2 25.Bxd5 Rg2+ 26.Kf1 Qxd5 27.Qe4 Rxf2+ 28.Kg1 Rg2+
29.Kf1 Rxg3 30.Qxd5 Nxd5 31.Rxd7 Nxe1 32.Kxe1 Rxf3 33.Rd6 a5 34.Ke2 Re3+
35.Kd2 Re4  0-1

[Event "Stroer Trophy"]
[Site "Cannes FRA"]
[Date "2003.03.08"]
[Round "1"]
[White "Djingarova,E"]
[Black "Leconte,JO"]
[Result "1/2-1/2"]
[WhiteElo "2267"]
[BlackElo "2302"]

1.e4 c5 2.Nf3 Nc6 3.Bb5 g6 4.Bxc6 dxc6 5.d3 f6 6.Be3 e5 7.Qd2 Be6 8.Nc3 Qc7
9.Na4 b6 10.h3 h5 11.Nc3 O-O-O 12.a3 Rh7 13.Na4 g5 14.Qc3 g4 15.hxg4 hxg4
16.Nh4 c4 17.O-O-O cxd3 18.Rxd3 Rxd3 19.Qxd3 Ne7 20.g3 Ng6  1/2-1/2

[Event "ch-Serbia"]
[Site "Dimitrovgrad YUG"]
[Date "2003.03.08"]
[Round "9"]
[White "Perunovic,Mio"]
[Black "Pap,M"]
[Result "0-1"]
[WhiteElo "2402"]
[BlackElo "2407"]

1.e4 c5 2.Nf3 Nc6 3.Bb5 g6 4.Bxc6 dxc6 5.d3 Bg7 6.h3 e5 7.Be3 b6 8.Qd2 h6
9.Qc3 Qc7 10.Nbd2 Be6 11.a3 a5 12.O-O Nf6 13.b4 cxb4 14.axb4 O-O 15.bxa5 bxa5
16.Rfb1 Ra6 17.Nb3 Bxb3 18.Rxb3 Nd7 19.Nd2 Rfa8 20.Qb2 Bf8 21.Rb7 Qc8 22.Nc4 Bb4
23.Rxd7 Qxd7 24.Nb6 Rxb6 25.Bxb6 Qd6 26.Be3 a4 27.Bxh6 Bc5 28.Be3 a3 29.Qa2 Bxe3
30.fxe3 Qc5 31.Kf2 Qc3 32.Ke2 Rb8 33.Kd1 c5 34.Rb1 Rb2  0-1

[Event "1st Festival"]
[Site "Nancy FRA"]
[Date "2003.03.08"]
[Round "8"]
[White "Zigura,O"]
[Black "Wirig,A"]
[Result "0-1"]
[WhiteElo "2379"]
[BlackElo "2347"]

1.e4 c5 2.Nf3 Nc6 3.Bb5 g6 4.Bxc6 dxc6 5.d3 Bg7 6.O-O Nf6 7.h3 O-O 8.c3 b6
9.Qc2 Ba6 10.Rd1 Ne8 11.a3 Nc7 12.b4 cxb4 13.axb4 Bc8 14.Be3 Nb5 15.d4 Nd6
16.Nbd2 Qc7 17.Ra2 Nb7 18.e5 a5 19.bxa5 Rxa5 20.Rda1 Bf5 21.Qb2 Rfa8 22.Nc4 Rxa2
23.Rxa2 Rxa2 24.Qxa2 b5 25.Ncd2 Qa5 26.Qb2 Qa4 27.Kh2 h6 28.g4 Be6 29.Qb4 Bf8
30.Qxa4 bxa4 31.Nb1 Ba2 32.Na3 e6 33.Bc1 Na5 34.Nd2 c5 35.dxc5 Bxc5 36.Kg2 Bd5+
37.Kf1 g5 38.Ke2 Kf8 39.f3 Ke8 40.Kd3 Nb3 41.Nxb3 axb3 42.Ke2 Kd7 43.Nb1 Bc4+
44.Ke1 Kc6 45.Nd2 Kd5 46.Kd1 Bf8 47.f4 gxf4 48.Nf3 Ke4 49.Nd2+ Kd3 50.Nxc4 Kxc4
51.Bxf4 Kxc3 52.Kc1 Kd3 53.Kb2 Ke4 54.Bd2 Kf3 55.g5 h5 56.Kxb3 Kg3 57.Kc4 Kxh3
58.Kd3 Kg4 59.Ke4 Be7  0-1

[Event "Milovan Prvulj Mem"]
[Site "Pancevo YUG"]
[Date "2003.03.08"]
[Round "11"]
[White "Dostan,J"]
[Black "Andrijevic,M"]
[Result "1/2-1/2"]
[WhiteElo "2356"]
[BlackElo "2400"]

1.e4 c5 2.Nf3 Nc6 3.Bb5 e6 4.O-O Nge7 5.Re1 a6 6.Bxc6 Nxc6 7.d4 cxd4 8.Nxd4 d6
9.Nxc6 bxc6 10.Qg4 h5 11.Qf3 Be7 12.Qc3 Bb7 13.Qxg7 Bf6 14.Qg3 h4 15.Qd3 Qc7
16.Nd2 O-O-O 17.Nc4 d5 18.Qf3 Be5 19.Nxe5 Qxe5 20.Bf4 Qf6 21.exd5 Rxd5 22.Qe3 Rg8
23.c4 Rf5 24.Be5 Qg5 25.Qxg5 Rfxg5 26.g3 c5 27.Re3 Rf5 28.Rd1 Rg4 29.b3 Re4
30.Rxe4 Bxe4 31.Bf4 Bc6 32.Re1 Kb7 33.Re5 Rxe5 34.Bxe5 h3 35.g4 Bf3 36.g5 Kc6
37.Kf1 Be4 38.Ke2 Bb1 39.Kd2 Kb6 40.Bf6 Kc6 41.Be7 Kb6 42.a3 Kc6 43.b4 cxb4
44.axb4 Ba2 45.Kd3 e5 46.Bf6 Kd6 47.b5 axb5 48.cxb5 Bd5 49.Kc3 Kc5 50.Bxe5 Kxb5
51.Kd4 Bb3 52.Bb8 Kc6 53.Ke5 Kd7 54.Kf6 Ke8 55.Bd6 Bc2 56.f4 Bd3 57.Bb4 Bc2
58.f5 Bd3 59.Ke5 Bc2 60.Kf4 Bd3 61.Kg4 Kd7 62.Kf4 Bc2 63.Ke5 Ke8 64.Kf6 Bd3
65.g6 fxg6 66.fxg6 Bc2 67.Bc5 Bd3 68.Kg5 Bc2 69.Bd4 Kf8 70.g7+ Kg8 71.Kg4 Bb1
72.Kxh3 Bc2 73.Kg4  1/2-1/2

[Event "TCh-BEL 2002-3"]
[Site "Belgium BEL"]
[Date "2003.03.09"]
[Round "10"]
[White "Jens,J"]
[Black "Hausrath,D"]
[Result "0-1"]
[WhiteElo "2359"]
[BlackElo "2454"]

1.e4 c5 2.Nf3 Nc6 3.Bb5 Nf6 4.Qe2 g6 5.e5 Nd5 6.Qc4 Ncb4 7.a3 a6 8.Ba4 b5
9.Qe4 bxa4 10.axb4 Nxb4 11.O-O Rb8 12.e6 f6 13.exd7+ Bxd7 14.Na3 Bc6 15.Qe3 Qd5
16.Re1 e5 17.d4 cxd4 18.Qxd4 Qxd4 19.Nxd4 Bd7 20.Ne2 Bc5 21.Nc3 O-O 22.Be3 Bxe3
23.Rxe3 Bf5 24.Re2 Rfc8 25.Rc1 Nc6 26.Rb1 Nd4 27.Rd2 Nxc2 28.Nxc2 Rxc3  0-1

[Event "Jch-RUS g20"]
[Site "Essentuki RUS"]
[Date "2003.03.09"]
[Round "7"]
[White "Ubiennykh,E"]
[Black "Rybenko,K"]
[Result "1/2-1/2"]
[WhiteElo "2248"]
[BlackElo "2287"]

1.e4 c5 2.Nf3 Nc6 3.Bb5 g6 4.O-O Bg7 5.Re1 Nf6 6.e5 Nd5 7.Nc3 Nc7 8.Bxc6 dxc6
9.Ne4 b6 10.Nf6+ Kf8 11.Ne4 Bg4 12.d3 Ne6 13.Ned2 Qd5 14.h3 Bxf3 15.Nxf3 Nd4
16.Nxd4 cxd4 17.Bf4 h5 18.Re4 Rd8 19.a4 Bh6 20.Bg3 Kg7 21.f4 Qe6 22.Qe2 g5
23.Rf1 gxf4 24.Bxf4 c5 25.Qf3 Rdg8 26.c3 dxc3 27.bxc3 Rh7 28.d4 Kh8 29.Bxh6 Qxh6
30.Rf2 Rhg7 31.Rh4 Rg5 32.Qxf7 Rxg2+ 33.Rxg2 Rxg2+ 34.Kxg2 Qg5+ 35.Kf3 Qxh4
36.Qf8+ Kh7 37.Qf5+ Kg7 38.d5 Qe1 39.Qg5+ Kf8 40.Qh6+ Kg8 41.Qg6+ Kf8 42.Qh6+ Kg8
43.Qe6+ Kf8 44.d6 Qxc3+ 45.Kf4 Qd4+ 46.Kg5 exd6 47.exd6 Qg7+ 48.Kh4 Qf7 49.Qc8+ Kg7
50.Qc7 Kg6 51.Kg3 h4+ 52.Kg2 Qd5+ 53.Kf2 Qd2+ 54.Kf3 Qd3+ 55.Kf2  1/2-1/2

[Event "Jch-RUS b20"]
[Site "Essentuki RUS"]
[Date "2003.03.09"]
[Round "7"]
[White "Pustov,P"]
[Black "Maletin,P"]
[Result "1/2-1/2"]
[WhiteElo "2353"]
[BlackElo "2374"]

1.e4 c5 2.Nf3 Nc6 3.Bb5 g6 4.Bxc6 dxc6 5.d3 Bg7 6.h3 Nf6 7.Nc3 Nd7 8.Be3 e5
9.Qd2 Qe7 10.Bh6 Bxh6 11.Qxh6 f6 12.Nh4 Qf8 13.Qd2 Qe7 14.O-O-O Nf8 15.g3 Ne6
16.Ne2 Nd4 17.Nxd4 cxd4 18.f4 Bd7 19.Nf3 O-O 20.g4 c5 21.f5 Rac8 22.fxg6 hxg6
23.Nh4 Be8 24.Rdg1 c4 25.Nf5 Qc7 26.dxc4 gxf5 27.g5 Kf7 28.gxf6 Qxc4 29.exf5 Bb5
30.Rg7+ Ke8 31.Re7+ Kd8 32.Rxb7 Rxf6 33.Rg1 Rc7 34.b3 Qd5 35.Rb8+ Kd7 36.Qb4 Kc6
37.c4 dxc3 38.Rd1 Bd3 39.Qa4+ Bb5 40.Qb4 Bd3 41.Qa4+ Bb5 42.Qh4 Qxd1+ 43.Kxd1 Rd6+
44.Kc2 Bd3+ 45.Kxc3 Bxf5 46.Kb2 e4 47.Rd8 Rxd8 48.Qxd8 Bxh3 49.Qe8+ Kb7 50.Qxe4+ Kb8  1/2-1/2

[Event "1st Festival"]
[Site "Nancy FRA"]
[Date "2003.03.09"]
[Round "9"]
[White "Sarakauskas,G"]
[Black "Zigura,O"]
[Result "1-0"]
[WhiteElo "2380"]
[BlackElo "2379"]

1.e4 c5 2.Nf3 Nc6 3.Bb5 d6 4.O-O Bd7 5.Re1 a6 6.Bf1 g6 7.h3 Bg7 8.c3 Ne5
9.Nxe5 dxe5 10.b4 cxb4 11.cxb4 e6 12.a4 Ne7 13.Na3 b5 14.axb5 axb5 15.Bb2 Qb6
16.Qe2 O-O 17.Nxb5 Nc6 18.Qc4 Rfb8 19.Rxa8 Rxa8 20.Qc5 Rb8 21.Rb1 Bf8 22.Qxb6 Rxb6
23.Bc3 f6 24.Be2 Rb8 25.Bc4 Kf7 26.d3 h5 27.h4 Be7 28.g3 Bf8 29.Kg2 Be7 30.Kf1 Bf8
31.Kg1 Be7 32.Kg2 Bf8 33.f4 exf4 34.gxf4 Kg7 35.Nc7 Nxb4 36.Bxe6 Rb7 37.Bxd7 Rxc7
38.Bxb4 Rxd7 39.Bxf8+ Kxf8 40.Rb3 Ra7 41.Kf3 Ra1 42.Rb6 Ke7 43.e5 fxe5 44.fxe5 Ra4
45.Rxg6 Rxh4 46.Ke3 Rh1 47.Ke4 h4 48.d4 h3 49.Kd5 h2 50.Rg7+ Kf8 51.Rh7 Kg8
52.Rh3 Kf7 53.e6+ Kf6 54.Kd6 Rd1 55.Rh6+ Kg7 56.Rxh2 Rxd4+ 57.Ke7 Rg4 58.Rc2 Rg1
59.Ke8 Ra1 60.e7 Rd1 61.Rc8 Re1 62.Kd7 Rd1+ 63.Kc7 Rc1+ 64.Kb7  1-0

[Event "Spring Festival WGM"]
[Site "Bucharest ROM"]
[Date "2003.03.10"]
[Round "8"]
[White "Ionescu Brandis,I"]
[Black "Partac,E"]
[Result "1/2-1/2"]
[WhiteElo "2356"]
[BlackElo "2198"]

1.e4 c5 2.Nf3 Nc6 3.Bb5 g6 4.O-O Bg7 5.Re1 Nf6 6.e5 Nd5 7.Nc3 Nc7 8.Bxc6 dxc6
9.Ne4 Ne6 10.d3 O-O 11.Be3 b6 12.Qd2 Nd4 13.Nxd4 cxd4 14.Bh6 f5 15.exf6 exf6
16.Re2 a5 17.Bxg7 Kxg7 18.Qf4 Ra7 19.Rae1 Rd7 20.Nd2 c5 21.Re6 Bb7 22.Qg4 Bd5
23.R6e2 Qc7 24.a4 Rff7 25.h4 h5 26.Qg3 Qxg3 27.fxg3 f5 28.Nf3 Bxf3 29.gxf3 Rd6
30.f4 Kf6 31.Re8 Rc7 32.b3 Rf7 33.Kf2 Rc7 34.R1e5 Rb7 35.Ke2 Rdd7 36.Kd2 Re7
37.R8xe7  1/2-1/2

[Event "Spring Festival WGM"]
[Site "Bucharest ROM"]
[Date "2003.03.11"]
[Round "9"]
[White "Partac,E"]
[Black "Smokina,K"]
[Result "1/2-1/2"]
[WhiteElo "2198"]
[BlackElo "2271"]

1.e4 c5 2.Nf3 Nc6 3.Bb5 g6 4.O-O Bg7 5.Re1 e5 6.Bxc6 dxc6 7.d3 Qe7 8.Be3 Nf6
9.h3 O-O 10.Qd2 b6 11.a3 Ne8 12.b4 f5 13.Bh6 fxe4 14.Rxe4 Nd6 15.Re1 cxb4
16.Bxg7 Qxg7 17.Nxe5 bxa3 18.Nxa3 c5 19.c3 Bb7 20.Re2 Nf5 21.Qa2+ Kh8 22.Qc4 Rad8
23.Rae1 Bd5 24.Qg4 g5 25.Nec4 Nh4 26.Ne3 Bxg2 27.Nxg2 Nf3+ 28.Kh1 Qxc3 29.Nb1 Qxd3
30.Re3 Nxe1 31.Rxd3 Nxd3 32.Qxg5 Nxf2+ 33.Kh2 Rd1 34.Qe5+ Kg8 35.Qg3+ Kh8
36.Qe5+ Kg8 37.Qg3+ Kh8  1/2-1/2

[Event "36th Ladies GM"]
[Site "Belgrade YUG"]
[Date "2003.03.12"]
[Round "8"]
[White "Prudnikova,S"]
[Black "Drljevic,L"]
[Result "1-0"]
[WhiteElo "2426"]
[BlackElo "2137"]

1.Nf3 c5 2.e4 Nc6 3.Bb5 d6 4.Bxc6+ bxc6 5.O-O g6 6.d4 cxd4 7.Qxd4 e5 8.Qd3 Qc7
9.c4 h6 10.Nc3 Be6 11.b3 Be7 12.Bb2 Rd8 13.Rac1 Nf6 14.Nd5 Bxd5 15.cxd5 c5
16.Nd2 O-O 17.f4 Ng4 18.h3 c4 19.Rxc4 Qb6+ 20.Bd4 exd4 21.hxg4 Bf6 22.Nf3 Rc8
23.e5 Bg7 24.Qxd4 Qxd4+ 25.Rxd4 Rfe8 26.Re1 g5 27.g3 Rc3 28.Kf2 Rc2+ 29.Rd2 Rxd2+
30.Nxd2 dxe5 31.fxg5 Rd8 32.Ne4 Rxd5 33.gxh6 Bh8 34.Rc1 Ra5 35.a4 Ra6 36.g5 f5
37.gxf6 Bxf6 38.Rc7 Bh8 39.h7+ Kf8 40.Nc5  1-0

[Event "Spring Festival WGM"]
[Site "Bucharest ROM"]
[Date "2003.03.12"]
[Round "10"]
[White "Ionescu Brandis,I"]
[Black "Ciobanu,C"]
[Result "1-0"]
[WhiteElo "2356"]
[BlackElo "2204"]

1.e4 c5 2.Nf3 Nc6 3.Bb5 e6 4.Bxc6 bxc6 5.d3 d6 6.e5 dxe5 7.Nxe5 Qd5 8.Nf3 c4
9.Nc3 Bb4 10.O-O Bxc3 11.bxc3 Ne7 12.Ba3 Nf5 13.Re1 f6 14.d4 h5 15.Qe2 Kf7
16.Rab1 h4 17.h3 Ba6 18.Nd2 g6 19.Ne4 Rhb8 20.Qf3 Rb6 21.Bc5 Rb5 22.a4 Rxb1
23.Rxb1 Qd8 24.g4 hxg3 25.fxg3 Rb8 26.Rf1 Kg7 27.g4 Nh4 28.Qg3 g5 29.Nxf6 Ng6
30.Qe3 Qxf6 31.Rxf6 Kxf6 32.Bd6 Rb1+ 33.Kh2 c5 34.Be5+ Kf7 35.Qf2+ Ke8 36.Qf6 Ne7
37.Bd6 Nc8 38.Qxe6+ Kd8 39.d5 Bb7 40.Qf6+ Kd7 41.Qe6+ Kd8 42.Bxc5 Rd1 43.Bd4 Rd2+
44.Kg3 Kc7 45.Qf7+ Kb8 46.Be5+ Ka8 47.Qc7  1-0

[Event "36th Ladies GM"]
[Site "Belgrade YUG"]
[Date "2003.03.13"]
[Round "9"]
[White "Savic,Ma"]
[Black "Prudnikova,S"]
[Result "0-1"]
[WhiteElo "2159"]
[BlackElo "2426"]

1.e4 c5 2.Nf3 Nc6 3.Bb5 g6 4.Bxc6 dxc6 5.d3 Bg7 6.h3 b6 7.Nc3 e5 8.O-O Qe7
9.a4 a5 10.Be3 Nf6 11.Nh2 Nh5 12.Ne2 O-O 13.Qc1 f5 14.exf5 gxf5 15.Bh6 f4
16.Bxg7 Qxg7 17.Kh1 Kh8 18.Nc3 f3 19.gxf3 Nf4 20.Rg1 Qe7 21.Qe3 Bxh3 22.Rg3 Rf5
23.Qe4 Qf6 24.Ng4 Rh5 25.Nh2 Bg2+ 26.Rxg2 Nxg2 27.Kxg2 Rxh2+ 28.Kxh2 Rg8
29.Kh3 Qe6+ 30.Qg4 Rxg4 31.fxg4 Qh6+ 32.Kg2 Qd2 33.Ne4 Qxc2 34.Rh1 Qxd3 35.Nf6 Kg7
36.Nxh7 Qe4+ 37.f3 Qf4  0-1